| 000 | 00797nam a2200229 i 4500 | ||
|---|---|---|---|
| 001 | 59939 | ||
| 003 | ES-MaACL | ||
| 005 | 20230906164127.0 | ||
| 007 | t| | ||
| 008 | 031031s1930 mx ||||1| spa d | ||
| 080 | _a9(729.1) | ||
| 245 | 0 | 3 |
_aUn esfuerzo de México por la independencia de Cuba / _ccon prólogo por Luis Chávez Orozco. |
| 260 |
_aMéxico : _bSecretaría de Relaciones Exteriores, _c1930. |
||
| 300 |
_a228 p. ; _c23 cm. |
||
| 651 | 4 |
_aMéxico- _xRelaciones- _zCuba. _99073 |
|
| 651 | 4 |
_aCuba- _xRelaciones- _zMéxico. _98116 |
|
| 651 | 4 |
_aEspaña- _xRelaciones- _zMéxico. _9165181 |
|
| 651 | 4 |
_aMéxico- _xRelaciones- _zEspaña. _9172959 |
|
| 700 | 1 |
_aChávez Orozco, Luis. _938287 |
|
| 710 | 1 |
_aMéxico. _bSecretaría de Relaciones Exteriores. _95710 |
|
| 852 |
_aES-MaACL _jB-4442 |
||
| 999 |
_c59939 _d59939 |
||